[Event "Challenge"]
[Site "http://www.queenalice.com/game.php?id=899644"]
[Date "2011.2.12"]
[Round "-"]
[White "jcmobregon"]
[Black "pancas"]
[Result "1-0"]
[WhiteElo "2260"]
[BlackElo "1808"]

1. e4 e5 2. Nf3 Nc6 3. d4 exd4 4. Nxd4 Bc5 5. Nf5 Qf6 6. Nc3 Nge7 7. Nd5 Nxd5 8.
Qxd5 Bb6 9. Bc4 O-O 10. O-O d6 11. Be3 Be6 12. Qd3 Qxb2 13. Bxb6 Qxb6 14. Bxe6
fxe6 15. Rab1 Qa5 16. Rxb7 exf5 17. Qc4+ Kh8 18. Qxc6 Rfc8 19. exf5 1-0

[Event "Challenge"]
[Site "http://www.queenalice.com/game.php?id=899645"]
[Date "2011.2.12"]
[Round "-"]
[White "pancas"]
[Black "jcmobregon"]
[Result "0-1"]
[WhiteElo "1802"]
[BlackElo "2263"]

1. e4 c5 2. Nf3 d6 3. d4 cxd4 4. Nxd4 Nf6 5. Nc3 g6 6. Bd3 Bg7 7. Be3 O-O 8. Nd5
Nxd5 9. exd5 Nd7 10. c3 Nc5 11. Bc2 Bd7 12. O-O Re8 13. Qd2 Rc8 14. Nf3 Bb5 15.
Rfd1 Nd7 16. Nd4 Bc4 17. Bd3 Bxd5 0-1

[Event "Challenge"]
[Site "http://www.queenalice.com/game.php?id=900666"]
[Date "2011.2.15"]
[Round "-"]
[White "jcmobregon"]
[Black "pancas"]
[Result "1-0"]
[WhiteElo "2256"]
[BlackElo "1816"]

1. b3 e5 2. Bb2 d6 3. e3 Nf6 4. g3 Bg4 5. f3 Be6 6. Bb5+ c6 7. Bd3 Be7 8. Ne2
Nbd7 9. O-O O-O 10. c4 c5 11. f4 e4 12. Bc2 d5 13. f5 Nb6 14. fxe6 fxe6 15. cxd5
exd5 16. Nf4 Qd7 17. Nc3 Qg4 18. Qxg4 Nxg4 19. Nfxd5 Nxd5 20. Nxd5 Bd6 21. Rxf8+
Rxf8 22. Rf1 Re8 23. Nc3 Be5 24. Bxe4 Bxc3 25. Bd5+ Kh8 26. Bxc3 h5 27. Rf7 1-0

[Event "Challenge"]
[Site "http://www.queenalice.com/game.php?id=900668"]
[Date "2011.2.15"]
[Round "-"]
[White "pancas"]
[Black "jcmobregon"]
[Result "1-0"]
[WhiteElo "1760"]
[BlackElo "2279"]

1. e4 c5 2. Nf3 d6 3. d4 cxd4 4. Nxd4 Nf6 5. Nc3 g6 6. Bb5+ Bd7 7. Bg5 Bg7 8.
Qd2 O-O 9. Bh6 a6 10. Bxg7 Kxg7 11. Bd3 Nc6 12. Nf3 Qb6 13. b3 Bg4 14. Nd5 Nxd5
15. exd5 Nb4 16. h3 Rac8 17. hxg4 Qc5 18. c4 b5 19. Qh6+ 1-0

[Event "Challenge"]
[Site "http://www.queenalice.com/game.php?id=903053"]
[Date "2011.2.20"]
[Round "-"]
[White "jcmobregon"]
[Black "pancas"]
[Result "1-0"]
[WhiteElo "2258"]
[BlackElo "1792"]

1. e4 e5 2. Nf3 Nc6 3. d4 exd4 4. Nxd4 Qf6 5. Nxc6 Qxc6 6. Nc3 Bb4 7. Qd4 Bc5 8.
Qxg7 Qf6 9. Qxf6 Nxf6 10. Bg5 Nh5 11. Be2 Ng7 12. Bf6 O-O 13. h3 Ne6 14. Nd5 c6
15. Ne3 Re8 16. Nf5 Nd4 17. Nxd4 d5 18. exd5 cxd5 19. Kf1 b6 20. Re1 Bb7 21. Nf5
Re6 22. Bc3 Rae8 23. Bd3 d4 24. Rxe6 Rxe6 25. Bxd4 Bf8 26. h4 Bb4 27. c3 Bf8 28.
Rh3 Bd5 29. Ne3 Bxa2 30. Rg3+ Bg7 31. Rxg7+ Kf8 32. Rxh7 Rc6 33. Rh8+ Ke7 34.
Nf5+ Ke6 35. Rh6+ Kd7 36. Bb5 1-0

[Event "Challenge"]
[Site "http://www.queenalice.com/game.php?id=903054"]
[Date "2011.2.20"]
[Round "-"]
[White "pancas"]
[Black "jcmobregon"]
[Result "0-1"]
[WhiteElo "1804"]
[BlackElo "2262"]

1. e4 c5 2. Nf3 d6 3. d4 cxd4 4. Nxd4 Nf6 5. Bg5 Nxe4 6. Be3 Qa5+ 7. c3 Nc6 8.
Nxc6 bxc6 9. Bd3 Nf6 10. b4 Qd8 11. a4 g6 12. Qd2 Bg7 13. Bh6 O-O 14. Bxg7 Kxg7
15. h4 h5 16. b5 cxb5 0-1

[Event "Challenge"]
[Site "http://www.queenalice.com/game.php?id=906348"]
[Date "2011.2.27"]
[Round "-"]
[White "jcmobregon"]
[Black "pancas"]
[Result "1-0"]
[WhiteElo "2256"]
[BlackElo "1796"]

1. e4 e5 2. Nf3 Nc6 3. d4 exd4 4. Nxd4 Nf6 5. Nc3 Nxd4 6. Qxd4 c5 7. Qe5+ Be7 8.
Nb5 d6 9. Qg3 Nh5 10. Qf3 Nf6 11. Bg5 a6 12. Nc3 O-O 13. O-O-O Bg4 14. Qg3 Bxd1
15. Kxd1 Nh5 16. Qg4 g6 17. Bh6 Re8 18. Bc4 Bf6 19. Qf3 Qb6 20. Nd5 Qxb2 21. g4
Bg7 22. Bxg7 Nxg7 23. Nf6+ Kf8 24. Nxe8 Rxe8 25. Qxf7# 1-0

[Event "Challenge"]
[Site "http://www.queenalice.com/game.php?id=906349"]
[Date "2011.2.27"]
[Round "-"]
[White "pancas"]
[Black "jcmobregon"]
[Result "0-1"]
[WhiteElo "1810"]
[BlackElo "2259"]

1. e4 c5 2. Nf3 d6 3. d4 cxd4 4. Nxd4 Nf6 5. Nc3 g6 6. Be3 Bg7 7. Nf3 O-O 8. e5
Bg4 9. exf6 Bxf6 10. Be2 Nc6 0-1

[Event "Challenge"]
[Site "http://www.queenalice.com/game.php?id=912571"]
[Date "2011.3.14"]
[Round "-"]
[White "jcmobregon"]
[Black "pancas"]
[Result "1-0"]
[WhiteElo "2257"]
[BlackElo "1794"]

1. b3 e5 2. Bb2 d6 3. e3 Nc6 4. Nf3 Bg4 5. Be2 Nf6 6. h3 Bh5 7. g4 Bg6 8. d3 e4
9. dxe4 h6 10. e5 Ne4 11. Nbd2 d5 12. Nxe4 Bxe4 13. O-O h5 14. Nd2 Qh4 15. Nxe4
dxe4 16. gxh5 Qxh3 17. Bg4 Qh4 18. Qd7# 1-0

[Event "Challenge"]
[Site "http://www.queenalice.com/game.php?id=912572"]
[Date "2011.3.14"]
[Round "-"]
[White "pancas"]
[Black "jcmobregon"]
[Result "0-1"]
[WhiteElo "1835"]
[BlackElo "2240"]

1. e4 c5 2. Nf3 d6 3. d4 cxd4 4. Nxd4 Nf6 5. Nc3 a6 6. Bg5 Nbd7 7. Bd3 b5 8. O-O
h6 9. Be3 Bb7 10. a3 Rc8 11. h3 e6 12. Nf3 Be7 13. b4 Rxc3 14. Qd2 Rc8 15. Rac1
O-O 16. c4 bxc4 17. Bb1 Re8 18. Rfe1 Bxe4 19. Bxe4 Nxe4 20. Qc2 d5 21. Bd4 Bf6
22. Be3 Ne5 23. Nd2 Nxd2 24. Qxd2 Nd3 25. g4 Nxe1 26. Rxe1 d4 27. Bf4 e5 28. Bg3
Bg5 29. Qa2 Bf6 30. a4 d3 31. h4 Bxh4 32. b5 Bxg3 33. fxg3 Qd4+ 34. Kh1 Qxg4 35.
Qg2 axb5 36. axb5 c3 37. b6 d2 38. Rb1 d1=Q+ 39. Rxd1 Qxd1+ 40. Kh2 c2 41. b7
Qh5+ 0-1

[Event "Challenge"]
[Site "http://www.queenalice.com/game.php?id=912968"]
[Date "2011.3.15"]
[Round "-"]
[White "jcmobregon"]
[Black "pancas"]
[Result "0-1"]
[WhiteElo "2259"]
[BlackElo "1801"]

1. d4 d5 2. c4 e6 3. Nc3 Nf6 4. Bg5 Be7 5. e3 h6 6. Bf4 a6 7. Nf3 Nc6 8. Bd3 O-O
9. Ne5 Nxe5 10. dxe5 Nh7 11. cxd5 exd5 12. Nxd5 Re8 13. Qf3 Bg5 14. Bxg5 Nxg5
15. Qg3 Qxd5 16. f4 Ne6 17. O-O-O Qxa2 18. f5 Nc5 19. Bc2 Qa1+ 20. Bb1 Bxf5 0-1

[Event "Challenge"]
[Site "http://www.queenalice.com/game.php?id=912970"]
[Date "2011.3.15"]
[Round "-"]
[White "pancas"]
[Black "jcmobregon"]
[Result "1-0"]
[WhiteElo "1808"]
[BlackElo "2242"]

1. e4 c5 2. Nf3 d6 3. d4 cxd4 4. Nxd4 Nf6 5. Nc3 a6 6. Bd3 Bg4 7. f3 Bd7 8. Bg5
e5 9. Nde2 Be7 10. O-O h6 11. Be3 Nc6 12. a3 O-O 13. Qd2 Rc8 14. Ng3 Be6 15. f4
Ng4 16. f5 Bd7 17. h3 Nxe3 18. Qxe3 Nd4 19. Rac1 Bg5 20. Qe1 Bxc1 21. Qxc1 Bc6
22. Nge2 Qb6 23. Nxd4 Qxd4+ 24. Kh1 Rfd8 25. Rd1 Qb6 26. f6 Qf2 27. Rf1 Qh4 28.
Nd5 Bxd5 29. exd5 gxf6 30. Qe3 Re8 31. Bf5 Rc5 32. b4 Rxd5 33. Bd3 Kg7 34. Be4
Rd4 35. Bxb7 Rc4 36. Bd5 Rxc2 37. Bb3 Rc6 38. Qd3 Rec8 39. Qd5 Qh5 40. Rf3 R8c7
41. Qe4 Qg5 42. Kh2 Qc1 43. Rg3+ Kh8 44. Bxf7 Qf4 45. Qg6 1-0

[Event "TIRA TEIMA 2011"]
[Site "http://www.queenalice.com/game.php?id=913304"]
[Date "2011.3.16"]
[Round "-"]
[White "chess60"]
[Black "jcmobregon"]
[Result "0-1"]
[WhiteElo "1472"]
[BlackElo "2255"]

1. e4 c5 2. Nf3 d6 3. d4 cxd4 4. Nxd4 Nf6 5. f3 Bd7 6. Bb5 g6 7. Bg5 Bg7 8. O-O
Bxb5 9. Nxb5 Qa5 10. Qe2 a6 11. Nd4 Qxg5 12. Nc3 Nh5 13. Nb3 Nf4 14. Qf2 Nh3+
15. Kh1 Nxf2+ 16. Rxf2 O-O 17. Nd5 Bxb2 18. Rb1 Bg7 19. f4 Qg4 20. Ne3 Qe6 21.
a4 Qxe4 22. Ng4 Qxa4 23. Re1 e6 24. Rd2 Bc3 25. Nf6+ Bxf6 26. Rxd6 Qxf4 27. Red1
Nc6 28. Nc5 Be7 29. Rd7 Bxc5 30. Rxb7 Rab8 31. Rbb1 Rxb1 32. Rxb1 Rb8 33. Rxb8+
Qxb8 34. c4 Qb1# 0-1

[Event "Challenge"]
[Site "http://www.queenalice.com/game.php?id=916683"]
[Date "2011.3.23"]
[Round "-"]
[White "jcmobregon"]
[Black "pancas"]
[Result "1-0"]
[WhiteElo "2219"]
[BlackElo "1808"]

1. e4 c5 2. Nf3 d6 3. d4 cxd4 4. Nxd4 Nf6 5. Nc3 e5 6. Nb3 Nc6 7. Bg5 Be7 8. f3
h6 9. Bh4 Be6 10. Bf2 Nh5 11. g3 a6 12. Be2 f5 13. exf5 Bf7 14. f4 Nf6 15. fxe5
Nxe5 16. O-O O-O 17. Nd2 Qc8 18. Bd4 Nc6 19. Be3 Nd5 20. Nxd5 Bxd5 21. c4 Bf7
22. Rc1 Ne5 23. Ne4 Rd8 24. f6 Bf8 25. fxg7 Bxg7 26. b3 Bf8 27. Bb6 Re8 28. Nf6+
Kh8 29. Nxe8 Qxe8 30. Bd4 Kg8 31. Qd2 Bg6 32. Rf6 Bg7 33. Rxd6 Bh7 34. Rf1 Rd8
35. Rxd8 Qxd8 36. Qf4 Qe7 37. c5 Nc6 38. Bc4+ Kh8 39. Bxg7+ Kxg7 40. Qg4+ Qg5
41. Qd7+ Ne7 42. Rf7+ Kg6 43. Rxe7 Qc1+ 44. Bf1 Qxc5+ 45. Kh1 Qf2 46. Qd3+ Kf6
47. Qd6+ Kg5 48. Re5+ Bf5 49. Qe7+ Kg6 50. Qe8+ Kf6 51. Qe7+ Kg6 52. Qe8+ Kg5
53. h4+ Kf6 54. Qe7+ Kg6 55. Qd6+ Kh5 56. Be2+ 1-0

[Event "Challenge"]
[Site "http://www.queenalice.com/game.php?id=916684"]
[Date "2011.3.23"]
[Round "-"]
[White "pancas"]
[Black "jcmobregon"]
[Result "0-1"]
[WhiteElo "1831"]
[BlackElo "2236"]

1. e4 c5 2. Nf3 d6 3. d4 cxd4 4. Nxd4 Nf6 5. Bd3 g6 6. Nc3 Bg7 7. Be3 O-O 8. O-O
Nbd7 9. Nf3 Ng4 10. Bd2 Nge5 11. Nxe5 Nxe5 12. Bf4 Nc6 13. Qd2 Be6 14. Bh6 a6
15. Bxg7 Kxg7 16. Rfe1 Ne5 17. f4 Ng4 18. h3 Qb6+ 0-1

[Event "Challenge"]
[Site "http://www.queenalice.com/game.php?id=921469"]
[Date "2011.4.3"]
[Round "-"]
[White "jcmobregon"]
[Black "pancas"]
[Result "1-0"]
[WhiteElo "2239"]
[BlackElo "1816"]

1. e4 c5 2. Nf3 d6 3. d4 cxd4 4. Nxd4 e5 5. Nf3 Bg4 6. Be2 Nc6 7. Be3 Nf6 8. Nc3
Be7 9. h3 Bh5 10. g4 Bg6 11. Nd2 h5 12. g5 Nd7 13. h4 f6 14. Nd5 O-O 15. Bxh5
Bxh5 16. Qxh5 fxg5 17. hxg5 Bxg5 18. Bxg5 Qe8 19. Qh7+ Kf7 20. Qf5+ Nf6 21. Nxf6
gxf6 22. Qxf6+ Kg8 23. Rh8# 1-0

[Event "Challenge"]
[Site "http://www.queenalice.com/game.php?id=925855"]
[Date "2011.4.14"]
[Round "-"]
[White "jcmobregon"]
[Black "pancas"]
[Result "1-0"]
[WhiteElo "2220"]
[BlackElo "1806"]

1. e4 c5 2. Nf3 d6 3. d4 cxd4 4. Nxd4 e5 5. Nb3 Nf6 6. Nc3 a5 7. Be3 a4 8. Nd2
b6 9. Bb5+ Bd7 10. Bxd7+ Nbxd7 11. O-O h5 12. f3 g6 13. Nc4 Nc5 14. Nb5 Bg7 15.
Nbxd6+ Ke7 16. Nb5 Bh6 17. Qxd8+ Raxd8 18. Bxh6 Rxh6 19. Nxe5 Rd2 20. Na3 g5 21.
Nec4 Rd8 22. Rad1 Rhh8 23. Nxb6 Rb8 24. Nd5+ Ke6 25. Nxf6 Kxf6 26. Rd6+ Kg7 27.
Nc4 Rhc8 28. Ne3 Rxb2 29. Nf5+ Kf8 30. Rh6 Kg8 31. Rxh5 Rd8 32. Rxg5+ Kf8 33.
Rh5 Kg8 34. Ne7+ Kf8 35. Nc6 Rd6 36. Rxc5 Rxa2 37. Nb4 Ra3 38. Rd5 Rg6 39. Rfd1
Re3 40. Rd8+ Kg7 41. Kf2 Rc3 42. R8d3 Rc4 43. c3 Rh6 44. h3 Rh5 45. Rd5 Rh8 46.
Rg5+ Kf6 47. Rf5+ Ke6 48. Nd5 a3 49. Rf6+ Ke5 50. f4+ Kxe4 51. Re1+ Kxd5 52.
Re5# 1-0

[Event "Challenge"]
[Site "http://www.queenalice.com/game.php?id=926476"]
[Date "2011.4.16"]
[Round "-"]
[White "jcmobregon"]
[Black "pancas"]
[Result "1-0"]
[WhiteElo "2221"]
[BlackElo "1801"]

1. e4 e5 2. Nc3 Nf6 3. Nf3 Nc6 4. Bc4 d6 5. d3 Bg4 6. h3 Bh5 7. Be3 Be7 8. g4
Bg6 9. O-O Qd7 10. Ne2 O-O 11. Ng3 h6 12. Qd2 d5 13. exd5 Nxd5 14. Bb3 Ndb4 15.
a3 Na6 16. Ba4 Qd6 17. Rfd1 Nd8 18. b4 c6 19. Rac1 Ne6 20. Bb3 Rad8 21. Bxa7 Nf4
22. Kh2 Nc7 23. Re1 Bf6 24. Bc5 Qd7 25. Bxf8 Rxf8 26. Nxe5 Bxe5 27. Rxe5 Nfd5
28. Rce1 Kh8 29. c4 f6 30. R5e2 Nb6 31. Re7 Qd8 32. f4 Re8 33. Rxe8+ Bxe8 34.
Qe3 Nc8 35. Qc5 Bg6 36. f5 Bf7 37. Ne4 Na6 38. Qe3 Qc7+ 39. Kg2 Nd6 40. Nxd6
Qxd6 41. c5 Qc7 42. Bxf7 Qxf7 43. Qe7 Qxe7 44. Rxe7 Kh7 45. Rxb7 h5 46. Rb6 Nc7
47. Rxc6 Nd5 48. Rd6 Nc3 49. c6 Nb5 50. Rd7 1-0

[Event "Challenge"]
[Site "http://www.queenalice.com/game.php?id=939541"]
[Date "2011.5.18"]
[Round "-"]
[White "zaccho"]
[Black "jcmobregon"]
[Result "0-1"]
[WhiteElo "1583"]
[BlackElo "2241"]

1. e3 c5 2. g3 d5 3. c4 Nf6 4. Na3 Be6 5. b3 g6 6. Bb2 Bg7 7. Bxf6 Bxf6 8. Rb1
Bf5 9. d3 Qa5+ 10. Qd2 Bc3 11. b4 Bxd2+ 12. Kxd2 Qxa3 13. bxc5 Qxa2+ 14. Kc1
Qxf2 15. Nh3 Qxe3+ 16. Kc2 dxc4 17. Rxb7 cxd3+ 18. Bxd3 Qxd3+ 19. Kb2 Bxh3 20.
Rc1 Nc6 21. Rc3 Qd2+ 22. Rc2 Qd4+ 23. Kc1 Nb4 24. c6 Nxc2 0-1

[Event "Challenge"]
[Site "http://www.queenalice.com/game.php?id=1019046"]
[Date "2012.1.29"]
[Round "-"]
[White "pancas"]
[Black "jcmobregon"]
[Result "0-1"]
[WhiteElo "1857"]
[BlackElo "2223"]

1. e4 c5 2. Nf3 d6 3. d4 cxd4 4. Nxd4 Nf6 5. Nc3 g6 6. Bg5 Bg7 7. Bd3 O-O 8. O-O
Bg4 9. f3 Bd7 10. f4 Qb6 11. Be2 e5 12. fxe5 dxe5 13. Kh1 exd4 14. Nd5 Nxd5 15.
exd5 Qd6 16. Bc4 b5 17. Bb3 a5 18. a3 Na6 19. Bh4 Nc5 20. Ba2 Na4 21. Rb1 Nb6
22. Qf3 Bf5 23. Bg3 Qd8 24. Qf4 Bxc2 25. Rbc1 d3 26. b3 Nxd5 27. Qd2 Rc8 28. h3
Bb2 29. Rce1 Bc3 30. Qh6 Bxe1 31. Bxe1 f6 32. b4 axb4 33. Bxd5+ Qxd5 34. Bxb4
Rf7 35. Qd2 Re8 36. Qc3 Qe5 37. Qxe5 fxe5 38. Re1 e4 39. Bd2 Rf2 40. Be3 Re2 41.
Rxe2 dxe2 42. Bd2 Rd8 0-1

[Event "Challenge"]
[Site "http://www.queenalice.com/game.php?id=1019047"]
[Date "2012.1.29"]
[Round "-"]
[White "jcmobregon"]
[Black "pancas"]
[Result "1-0"]
[WhiteElo "2222"]
[BlackElo "1859"]

1. d4 d5 2. c4 e6 3. Nc3 Bb4 4. e3 Nf6 5. Bd3 Nc6 6. Nf3 Bd7 7. O-O O-O 8. Qc2
dxc4 9. Bxc4 h6 10. Bd2 a6 11. a3 Bd6 12. e4 e5 13. dxe5 Nxe5 14. Nxe5 Bxe5 15.
f4 Bd4+ 16. Kh1 Ng4 17. Be1 Ne3 18. Qd2 Bb6 19. Be2 Nxf1 20. Bxf1 Bc6 21. Bd3
Qe8 22. Bb1 Rd8 23. Qc2 g6 24. Ba2 Bd4 25. e5 Bd7 26. Qxg6+ Kh8 27. Qxh6+ Kg8
28. Ne4 Bxe5 29. fxe5 Qxe5 30. Nf6+ Qxf6 31. Qxf6 1-0